000 00750nam a2200289Ia 4500
005 20260324114445.0
008 008 260324s9999 xx 000 0 eng d
020 _a9781003335801
037 _aEBOOK
040 _aCRL
040 _beng
040 _cCRL
041 _2eng
041 _aeng
084 _qCRL
100 _aN. Thillaiarasu; Suman Lata Tripathi; V. Dhinakaran
_91150844
245 0 _aArtificial Intelligence for Internet of Things
245 0 _bDesign Principle, Modernization, and Techniques
260 _bTaylor and Francis
260 _c2022
365 _a
365 _b275
856 _uhttp://www.taylorfrancis.com/books/9781003335801
942 _cEBOOK
999 _c1741050
_d1741050